Kitab ul qurt alal kamil = (Record no. 121919)
[ view plain ]
| 000 -LEADER | |
|---|---|
| fixed length control field | 00625nam a22001457a 4500 |
| 005 - DATE AND TIME OF LATEST TRANSACTION | |
| control field | 20210413101005.0 |
| 008 - FIXED-LENGTH DATA ELEMENTS--GENERAL INFORMATION | |
| fixed length control field | 210413b ||||| |||| 00| 0 eng d |
| 040 ## - CATALOGING SOURCE | |
| Transcribing agency | PK-LaUMT |
| 082 ## - DEWEY DECIMAL CLASSIFICATION NUMBER | |
| Classification number | RHC 892.78 |
| Item number | LAB-K |
| 100 ## - MAIN ENTRY--PERSONAL NAME | |
| Personal name | Labi Waleed Waqshi wa ibn Syed Batleusi = لابی الولید الوقشی و ابن السید البطلیوسی |
| 245 ## - TITLE STATEMENT | |
| Title | Kitab ul qurt alal kamil = |
| Statement of responsibility, etc | by Labi Waleed Waqshi wa ibn Syed Batleusi = لابی الولید الوقشی و ابن السید البطلیوسی ; tahqeeq o taqdeem Zahoor Ahmad Azhar |
| 260 ## - PUBLICATION, DISTRIBUTION, ETC. (IMPRINT) | |
| Place of publication, distribution, etc | Lahore : |
| Name of publisher, distributor, etc | Jameah Punjab, |
| Date of publication, distribution, etc | 1980 |
| 300 ## - PHYSICAL DESCRIPTION | |
| Extent | 743 p. |
| 942 ## - ADDED ENTRY ELEMENTS (KOHA) | |
| Koha item type | Books |
| Withdrawn status | Lost status | Damaged status | Home library | Current library | Date acquired | Full call number | Barcode | Date last seen | Price effective from | Koha item type |
|---|---|---|---|---|---|---|---|---|---|---|
| UMT Main Campus | UMT Main Campus | 2021-04-13 | RHC 892.78 LAB-K | 137256 | 2021-04-13 | 2021-04-13 | Books |
